000 00281nam a2200109Ia 4500
008 220204s9999 xx 000 0 und d
082 _a681.31C
_bLAD
100 _aLadymon, Robert F
245 0 _aGraphic user interface programming with C
260 _aDelhi
_bBPB
_c1993
942 _cBK
999 _c40609
_d40609